00719nam a2200241Ia 4500003000400000005001700004008004100021020002200062040000700084041000800091082001500099100002900114245001400143260004700157300001200204365001400216650003200230650003100262906001400293942001200307999001900319952013900338OSt20230516140607.0210423s1982 xx 000 0 und d a978-0-8032-6311-6 cAL aeng a970.4 CAMH aCAMPBELL (Maria)9105312 aHalfbreed aLondonbUniversity of Nebraska Pressc1982 a157bPB b1140cINR aGeography & History9105313 aHistory of America9105314 aHalfbreed 2ddccBK c166361d166361 001040708MAENGaSACPGbSACPGd2015-01-30eBiblios Book Pointg1140.00l0o970.4 CAMHpPG012861r2022-08-24 00:00:00w2021-04-26yBK